000 00436nam a2200169Ia 4500
003 LK-CoDNM
008 010623t1976 xxu||||| |||| 00| 1 sin d
040 _aLK-CoDNM
_dLK-CoDNM
_eLK-CoDNM
041 _asin
080 _a8S-1 19 ABE
100 _aAbeysinghe, W. A.
245 _aප්‍රේමපත්‍ර
246 _aPremapathra
260 _bPradeepa Prakashakayo
_aColombo
_c1976
300 _b72p., 18 cm
942 _cBK
999 _c109963
_d109963